Actualidad del Consejo de Seguridad de las Naciones Unidas. La Legalidad de sus decisiones y el problema de su control
Gespeichert in:
| 1. Verfasser: | |
|---|---|
| Format: | Buch |
| Sprache: | Spanisch |
| Veröffentlicht: |
Madrid
Civitas
2003
|
| Ausgabe: | 1a. ed |
| Schriftenreihe: | Monografías
|
| Schlagworte: | |
| Tags: |
Tag hinzufügen
Keine Tags, Fügen Sie den ersten Tag hinzu!
|
MARC
| LEADER | 00000nam a2200000 a 4500 | ||
|---|---|---|---|
| 001 | UCL6700 | ||
| 003 | CL-VaPUC | ||
| 008 | 040416e20030000SP |||||||||||||||||spa|d | ||
| 020 | |a 8447020819 | ||
| 082 | 0 | 4 | |a 341 |b LOP |2 21 |
| 100 | |a López-Jacoiste Díaz, María Eugenia |e autora |9 484370 | ||
| 245 | 1 | 0 | |a Actualidad del Consejo de Seguridad de las Naciones Unidas. La Legalidad de sus decisiones y el problema de su control |
| 250 | |a 1a. ed | ||
| 300 | |a 396 p | ||
| 942 | |c BK | ||
| 945 | |d 20040416 00:00:00 |a cmena | ||
| 260 | |a Madrid |b Civitas |c 2003 | ||
| 500 | |a Prólogo de José Antonio Pastor Ridruejo | ||
| 600 | 0 | 7 | |a NACIONES UNIDAS |2 CL-VaPUC |9 255446 |
| 650 | 0 | |a Derecho internacional |9 255637 | |
| 650 | 0 | |a Relaciones Internacionales |9 255740 | |
| 651 | 0 | |a Europa |9 255156 | |
| 583 | |a last modification |c 20040416 00:00:00 |k Rodrigo Vera | ||
| 490 | 0 | |a Monografías | |
| 999 | |c 308686 |d 308684 | ||
| 952 | |0 0 |1 0 |4 0 |6 341_000000000000000_LOP_2003 |7 0 |8 A |9 375371 |a BIBDER |b BIBDER |d 2019-11-21 |i 3990591 |l 1 |m 1 |o 341 LOP 2003 |p 3990591 |r 2023-03-28 |s 2023-03-14 |w 2019-11-21 |y BK |k DER | ||